[Event "Krefeld op"]
[Site "Krefeld"]
[Date "2023.08.05"]
[Round "7"]
[White "Gierhardt, Vito"]
[Black "Vasylieva, Kira"]
[Result "1-0"]
[WhiteElo "1664"]
[BlackElo "1421"]
[PlyCount "75"]
[EventDate "2023.08.02"]
[EventType "swiss"]
[EventRounds "9"]
[EventCountry "GER"]
[SourceTitle "CBM 215 Extra"]
[Source "ChessBase"]
[SourceDate "2023.09.30"]
[SourceVersion "1"]
[SourceVersionDate "2023.09.30"]
[SourceQuality "1"]

1. e4 e5 2. Nf3 Nc6 3. Bc4 Bc5 4. 0-0 d6 5. h3 Nf6 6. d3 h6 7. a3 a5 8. Re1 0-0 9. c3 Be6 10. Bxe6 fxe6 11. Nbd2 d5 12. Qb3 Rb8 13. exd5 Nxd5 14. Ne4 Bb6 15. c4 Nde7 16. c5 Ba7 17. Qxe6+ Kh8 18. Nxe5 Nxe5 19. Qxe5 Nc6 20. Qc3 Qd4 21. Be3 Qxc3 22. Nxc3 Rbd8 23. Rad1 Ne5 24. d4 Nd7 25. Bc1 c6 26. Re7 b6 27. b4 axb4 28. axb4 bxc5 29. dxc5 Bxc5 30. bxc5 Nxc5 31. Rxd8 Rxd8 32. Be3 Nd3 33. Kf1 Kg8 34. Ke2 Kf8 35. Rc7 Rd6 36. Ne4 Rd8 37. Rxc6 Nb4 38. Bc5+ 1-0